[Event "Dzwirzyno Gminy Cup"]
[Site "Dzwirzyno"]
[Date "2016.??.??"]
[Round "4"]
[White "Laszewski, Kazimierz"]
[Black "Duczmanska, Nadzieja"]
[Result "1-0"]
[WhiteElo "1729"]
[BlackElo "1382"]
[PlyCount "67"]
[EventDate "2016.09.30"]
[EventType "swiss"]
[EventRounds "9"]
[EventCountry "POL"]
[SourceTitle "EXT 2018"]
[Source "ChessBase"]
[SourceDate "2017.10.13"]
[SourceVersion "1"]
[SourceVersionDate "2017.10.13"]
[SourceQuality "1"]

1. e4 e5 2. Nf3 Nc6 3. Bc4 Bc5 4. 0-0 Nf6 5. d3 0-0 6. Bg5 Be7 7. Nc3 Na5 8. Nxe5 Nxc4 9. Nxc4 c6 10. Ne3 d6 11. f4 Nd7 12. Bxe7 Qxe7 13. Rf3 Nc5 14. Rg3 f5 15. Qf3 Rf6 16. Rg5 fxe4 17. Nxe4 Nxe4 18. dxe4 Be6 19. Rd1 Rd8 20. f5 Bc8 21. Ng4 Kh8 22. Nxf6 Qxf6 23. Rh5 Kg8 24. c3 h6 25. g4 Qe5 26. g5 hxg5 27. Rxg5 d5 28. h4 Re8 29. f6 Qe6 30. e5 Kf8 31. fxg7+ Kg8 32. Qh5 Qh3 33. Qxe8+ Kh7 34. Qh8# 1-0

[Event "Rewal op-B 16th"]
[Site "Rewal"]
[Date "2011.08.27"]
[Round "8"]
[White "Jacel, Lukasz"]
[Black "Laszewski, Kazimierz"]
[Result "1-0"]
[WhiteElo "1979"]
[BlackElo "1755"]
[PlyCount "116"]
[EventDate "2011.08.18"]
[EventType "swiss"]
[EventRounds "9"]
[EventCountry "POL"]
[SourceTitle "CBM 144 Extra"]
[Source "ChessBase"]
[SourceDate "2011.10.28"]
[SourceVersion "1"]
[SourceVersionDate "2011.10.28"]
[SourceQuality "1"]

1. e4 e5 2. Nf3 Nc6 3. Nc3 Nf6 4. Bb5 Bc5 5. 0-0 0-0 6. Nxe5 Nxe5 7. d4 Bxd4 8. Qxd4 Nc6 9. Qd3 Ne5 10. Qg3 d6 11. Be2 Re8 12. Bg5 Kh8 13. Rad1 h6 14. Bc1 Ng6 15. Bd3 Ng4 16. Qf3 Nf6 17. h3 Ne5 18. Qe2 b6 19. f4 Nxd3 20. cxd3 Bb7 21. g4 Nh7 22. Kh2 d5 23. Rg1 f6 24. Qf3 dxe4 25. dxe4 Qe7 26. Rde1 Rad8 27. Re3 Qc5 28. h4 a6 29. Qg3 Rd4 30. g5 fxg5 31. hxg5 hxg5 32. e5 Rxf4 33. Qe1 Rh4+ 34. Rh3 Rxh3+ 35. Kxh3 Rxe5 36. Qg3 Rf5 37. Be3 Qc4 38. Rd1 Rf3 39. Qxf3 Bxf3 40. Rd2 Nf6 41. Rd8+ Kh7 42. Kg3 g4 43. Rd4 Qe6 44. Bg5 Qf5 45. Bf4 c6 46. Rd2 Qh5 47. Rh2 g6 48. Rxh5+ gxh5 49. Kh4 Kg6 50. Na4 Kf5 51. Bc7 b5 52. Nc5 a5 53. Bxa5 Kf4 54. Bc7+ Ke3 55. a3 Kd2 56. Ne6 Bd5 57. Ng5 Kc1 58. Be5 Bc4 1-0

[Event "Rewal op-B 16th"]
[Site "Rewal"]
[Date "2011.08.21"]
[Round "2"]
[White "Strek, Jaroslaw"]
[Black "Laszewski, Kazimierz"]
[Result "0-1"]
[WhiteElo "1551"]
[BlackElo "1755"]
[PlyCount "66"]
[EventDate "2011.08.18"]
[EventType "swiss"]
[EventRounds "9"]
[EventCountry "POL"]
[SourceTitle "CBM 144 Extra"]
[Source "ChessBase"]
[SourceDate "2011.10.28"]
[SourceVersion "1"]
[SourceVersionDate "2011.10.28"]
[SourceQuality "1"]

1. d4 Nf6 2. Nf3 d5 3. c4 e6 4. e3 Be7 5. Nc3 0-0 6. Bd3 dxc4 7. Bxc4 b6 8. e4 Bb7 9. Qd3 Bb4 10. 0-0 Bxc3 11. bxc3 Bxe4 12. Qe2 Qd6 13. h3 Nbd7 14. a4 Qc6 15. Kh1 a5 16. Bf4 Rac8 17. Rfe1 Bd5 18. Bd3 Bxf3 19. gxf3 Qxc3 20. Rac1 Qxd4 21. Qd2 Qd5 22. Qe3 Nc5 23. Rcd1 Qh5 24. Bf1 Nd5 25. Qe5 Qxf3+ 26. Kg1 Qxf4 27. Qh5 g6 28. Qe2 Nc3 29. Qd2 Qxd2 30. Rxd2 Rcd8 31. Rc2 N3xa4 32. Bb5 Rd4 33. Rxc5 Nxc5 0-1

[Event "Rewal op-B 15th"]
[Site "Rewal"]
[Date "2010.08.27"]
[Round "9"]
[White "Laszewski, Kazimierz"]
[Black "Mirski, Roman"]
[Result "1-0"]
[WhiteElo "1769"]
[BlackElo "1592"]
[PlyCount "99"]
[EventDate "2010.08.18"]
[EventType "swiss"]
[EventRounds "9"]
[EventCountry "POL"]
[SourceTitle "EXT 2014"]
[Source "ChessBase"]
[SourceDate "2013.11.20"]
[SourceVersion "1"]
[SourceVersionDate "2013.11.20"]
[SourceQuality "1"]

1. e4 c5 2. Nf3 Nc6 3. d4 cxd4 4. Nxd4 g6 5. Nc3 Bg7 6. Be3 Nf6 7. Be2 0-0 8. 0-0 d5 9. Nxc6 bxc6 10. e5 Nd7 11. f4 Nb6 12. a4 a5 13. Bd4 Qc7 14. Bd3 c5 15. Nb5 Qc6 16. Bc3 Bb7 17. Qg4 c4 18. Be2 e6 19. Rf3 Ba6 20. Nd4 Qd7 21. Bxa5 Nxa4 22. Rfa3 Qa7 23. c3 Nb6 24. Bb4 Rfc8 25. Rxa6 Qb7 26. Rxa8 Nxa8 27. h4 h5 28. Qg5 Kh7 29. Qe7 Rc7 30. Qe8 Rc8 31. Qb5 Qc7 32. Bd6 Qd8 33. Ra7 Qxh4 34. Nf3 Qxf4 35. Qd7 Nb6 36. Qxf7 Qxf7 37. Rxf7 Kg8 38. Rb7 Rc6 39. Ng5 Nc8 40. Nxe6 Bxe5 41. Rc7 Rxd6 42. Rxc8+ Kf7 43. Nd4 Rb6 44. Bf3 Bxd4+ 45. cxd4 Ke6 46. Rc5 Rd6 47. Kf2 Rd7 48. Kg3 Rd8 49. Rb5 Rf8 50. Bxd5+ 1-0

[Event "Rewal op-B 15th"]
[Site "Rewal"]
[Date "2010.08.24"]
[Round "5"]
[White "Jasniewicz, Rafal"]
[Black "Laszewski, Kazimierz"]
[Result "1/2-1/2"]
[WhiteElo "1588"]
[BlackElo "1769"]
[PlyCount "61"]
[EventDate "2010.08.18"]
[EventType "swiss"]
[EventRounds "9"]
[EventCountry "POL"]
[SourceTitle "EXT 2014"]
[Source "ChessBase"]
[SourceDate "2013.11.20"]
[SourceVersion "1"]
[SourceVersionDate "2013.11.20"]
[SourceQuality "1"]

1. Nf3 d5 2. d3 Nf6 3. g3 Nc6 4. Bg2 e5 5. 0-0 Bc5 6. a3 a5 7. Nbd2 0-0 8. e4 d4 9. h3 h6 10. Nc4 Re8 11. Re1 b5 12. Ncd2 Bd7 13. a4 b4 14. b3 Qc8 15. Kh2 g5 16. Ng1 Kg7 17. Nc4 Rg8 18. Rf1 Kf8 19. Bd2 Bd6 20. Ne2 Ra6 21. Rh1 Nh7 22. Rf1 Ne7 23. Ng1 Ng6 24. f3 h5 25. Qe1 Qd8 26. Qf2 Be6 27. Nxd6 Rxd6 28. Be1 Qe7 29. Ne2 Bd7 30. g4 Nf4 31. Ng3 1/2-1/2

[Event "Szczecin Stoczni Nowa Cup"]
[Site "Szczecin"]
[Date "2008.10.12"]
[Round "8.9"]
[White "Laszewski, Kazimierz"]
[Black "Dogoda, Rafal"]
[Result "0-1"]
[WhiteElo "1787"]
[BlackElo "1869"]
[PlyCount "36"]
[EventDate "2008.10.03"]
[EventType "swiss"]
[EventRounds "9"]
[EventCountry "POL"]
[SourceTitle "EXT 2023"]
[Source "ChessBase"]
[SourceDate "2022.10.05"]
[SourceVersion "1"]
[SourceVersionDate "2022.10.05"]
[SourceQuality "1"]

1. e4 e6 2. d4 d5 3. exd5 exd5 4. Nf3 Bd6 5. Bd3 Ne7 6. 0-0 Bg4 7. Be3 Nbc6 8. c3 Qd7 9. Nbd2 0-0-0 10. b4 Rde8 11. Nb3 Nf5 12. Bd2 Nh4 13. Be2 Rxe2 14. Qxe2 Bxf3 15. Qe3 Bxg2 16. Rfe1 Qg4 17. f4 Bf3+ 18. Kf1 Qg2# 0-1

[Event "Szczecin Stoczni Nowa Cup"]
[Site "Szczecin"]
[Date "2008.10.04"]
[Round "2.4"]
[White "Laszewski, Kazimierz"]
[Black "Czuchnicki, Adam"]
[Result "0-1"]
[WhiteElo "1787"]
[BlackElo "2105"]
[PlyCount "48"]
[EventDate "2008.10.03"]
[EventType "swiss"]
[EventRounds "9"]
[EventCountry "POL"]
[SourceTitle "EXT 2023"]
[Source "ChessBase"]
[SourceDate "2022.10.05"]
[SourceVersion "1"]
[SourceVersionDate "2022.10.05"]
[SourceQuality "1"]

1. e4 c5 2. Nc3 d6 3. f4 Nc6 4. Nf3 g6 5. d3 Bg7 6. Be2 e6 7. Bd2 Nge7 8. 0-0 0-0 9. Rb1 Rb8 10. a3 b5 11. Na2 a5 12. b4 f5 13. c4 bxc4 14. dxc4 fxe4 15. Ne1 Bd4+ 16. Kh1 Nf5 17. Nc2 Bg7 18. bxa5 Rxb1 19. Qxb1 Nxa5 20. Bc3 Ba6 21. Bxg7 Kxg7 22. g4 Nd4 23. Nxd4 cxd4 24. Qxe4 Bb7 0-1

[Event "Szczecin Stoczni Nowa Cup"]
[Site "Szczecin"]
[Date "2008.10.04"]
[Round "3.6"]
[White "Mielnik, Ryszard"]
[Black "Laszewski, Kazimierz"]
[Result "1/2-1/2"]
[WhiteElo "1600"]
[BlackElo "1787"]
[PlyCount "97"]
[EventDate "2008.10.03"]
[EventType "swiss"]
[EventRounds "9"]
[EventCountry "POL"]
[SourceTitle "EXT 2023"]
[Source "ChessBase"]
[SourceDate "2022.10.05"]
[SourceVersion "1"]
[SourceVersionDate "2022.10.05"]
[SourceQuality "1"]

1. d4 Nf6 2. c4 e6 3. Nf3 b6 4. Bg5 Be7 5. Nc3 Bb7 6. e3 d6 7. Be2 Nbd7 8. Qb3 h6 9. Bf4 g5 10. Bg3 Nh5 11. 0-0 Nxg3 12. fxg3 Nf6 13. Rad1 Qd7 14. d5 a6 15. e4 exd5 16. e5 Ng4 17. Nxd5 Bxd5 18. Rxd5 Qc8 19. h3 Nxe5 20. Nxe5 dxe5 21. Rxe5 Kf8 22. c5 f6 23. Bg4 Qd8 24. Rd5 Qe8 25. c6 Rd8 26. Rd7 Rxd7 27. cxd7 Qd8 28. Bh5 Rh7 29. Bg4 Rf7 30. Be6 Rh7 31. Qd3 Kg7 32. Qxa6 Rh8 33. Qc8 Bd6 34. g4 Qe7 35. Re1 Be5 36. Kh1 Qxe6 37. Qxh8+ Kxh8 38. d8Q+ Kg7 39. Qxc7+ Kg6 40. Qc2+ Kg7 41. b4 Qd6 42. b5 Qb4 43. Rb1 Qf4 44. g3 Qxg3 45. Qg2 Qd3 46. Rb3 Qd1+ 47. Qg1 Qd5+ 48. Qg2 Qd1+ 49. Qg1 1/2-1/2